[Event "Open Sud 2013/2014"]
[Site "Marseille"]
[Date "2014.05.04"]
[Round "5.3"]
[White "Amar Amghari, Mohamed"]
[Black "Vella, Michel"]
[Result "1/2-1/2"]
[WhiteElo "1434"]
[BlackElo "1580"]
[PlyCount "75"]
[EventDate "2014.??.??"]

1. e4 e6 2. d4 c5 3. Nf3 cxd4 4. Nxd4 Nc6 5. Nxc6 bxc6 6. Nc3 Bb4 7. Bd2 Ne7 8.
a3 Ba5 9. b4 Bb6 10. Bd3 Bd4 11. Rb1 O-O 12. Ne2 Bb6 13. Bc3 f5 14. O-O fxe4
15. Bxe4 d5 16. Bd3 Qc7 17. Bd4 e5 18. Bxb6 axb6 19. c3 Rxa3 20. Qc1 Ra7 21. f3
Bf5 22. Bxf5 Nxf5 23. Qg5 h6 24. Qd2 Rfa8 25. g4 Ra2 26. Qd3 Nd6 27. Ng3 Nc4
28. Rf2 Rxf2 29. Kxf2 Ra2+ 30. Kg1 Qa7 31. Qg6 b5+ 32. Kh1 Qf2 33. Qe6+ Kh8 34.
Qc8+ Kh7 35. Qf5+ Kg8 36. Qe6+ Kf8 37. Qc8+ Kf7 38. Qd7+ 1/2-1/2

[Event "Open Sud 2013/2014"]
[Site "Marseille"]
[Date "2014.05.04"]
[Round "5.4"]
[White "Roux, Jean-Marie"]
[Black "Potratz, Yannick"]
[Result "0-1"]
[WhiteElo "1375"]
[BlackElo "1444"]
[PlyCount "110"]
[EventDate "2014.??.??"]

1. e4 e5 2. Nf3 Nc6 3. Nc3 Nf6 4. Bc4 Bc5 5. d3 d6 6. Bg5 Be6 7. Bxe6 fxe6 8.
Qd2 Bb6 9. h4 Qe7 10. O-O-O O-O-O 11. Kb1 h6 12. Be3 Bxe3 13. Qxe3 Ng4 14. Qd2
Rhf8 15. Rhf1 Nf6 16. Nb5 a6 17. Na3 Nd7 18. Qc3 Nc5 19. h5 Rf7 20. Nd2 Rdf8
21. f3 Qg5 22. g4 Nd4 23. Nac4 Kb8 24. Na5 Nxf3 25. Nxf3 Rxf3 26. Rxf3 Rxf3 27.
Rg1 Nxe4 28. Qb4 Nd2+ 29. Ka1 b6 30. Nc6+ Kb7 31. Na5+ Kc8 32. Nc6 Qf4 33. a4
Qxb4 34. Nxb4 a5 35. Nc6 Kd7 36. Na7 Rf1+ 37. Rxf1 Nxf1 38. Nb5 Ne3 39. c3 Nxg4
40. Kb1 Nf6 41. c4 Nxh5 42. Nc3 Nf4 43. Kc2 h5 44. Ne4 h4 45. Nf2 h3 46. Ng4 g5
47. Kd2 Kc6 48. b3 Kc5 49. Kc3 Ne2+ 50. Kd2 Ng3 51. Kc3 Nf1 52. Nf2 h2 53. Nh1
g4 54. Nf2 g3 55. Nh1 g2 0-1

[Event "Open Sud 2013/2014"]
[Site "Marseille"]
[Date "2014.05.04"]
[Round "5.5"]
[White "Moni, Theo"]
[Black "Druel, Patrice"]
[Result "0-1"]
[WhiteElo "1099"]
[BlackElo "1320"]
[PlyCount "86"]
[EventDate "2014.??.??"]

1. e4 d6 2. Bc4 Nf6 3. Nf3 Nxe4 4. Qe2 Nf6 5. Ng5 e6 6. O-O h6 7. Bb5+ c6 8.
Nxf7 Kxf7 9. Bc4 d5 10. Bb3 b6 11. Qf3 Ba6 12. d3 Bd6 13. Bf4 e5 14. Bg3 Nbd7
15. Bh4 Bc8 16. Bxf6 Nxf6 17. Nc3 Bg4 18. Qe3 Be6 19. d4 e4 20. f3 c5 21. dxc5
Bxc5 22. Qxc5 bxc5 23. Rfd1 c4 24. Ba4 Qb6+ 25. Kf1 e3 26. Re1 d4 27. Nb5 Qa5
28. Nd6+ Ke7 29. b3 Kxd6 30. Rad1 Kc5 31. b4+ Qxb4 32. Rb1 Qxa4 33. Rb7 Qxc2
34. Rc7+ Kd6 35. Kg1 Qf2+ 36. Kh1 Kxc7 37. Rc1 e2 38. h3 e1=Q+ 39. Rxe1 Qxe1+
40. Kh2 Nh5 41. g4 Qg3+ 42. Kh1 Nf4 43. h4 Qg2# 0-1

[Event "Open Sud 2013/2014"]
[Site "Marseille"]
[Date "2014.05.04"]
[Round "5.6"]
[White "Person, Claude"]
[Black "Graccione, Angele"]
[Result "1-0"]
[WhiteElo "1288"]
[BlackElo "1040"]
[PlyCount "77"]
[EventDate "2014.??.??"]

1. e4 c5 2. Nf3 Nf6 3. Nc3 Nc6 4. d4 cxd4 5. Nxd4 e5 6. Nf5 g6 7. Ng3 Bg7 8.
Bg5 O-O 9. Nd5 h6 10. Nxf6+ Bxf6 11. Bxh6 Re8 12. Be3 b6 13. c3 d6 14. h3 Bh4
15. Ne2 Bb7 16. g3 Bf6 17. Bg2 Na5 18. b3 Rc8 19. c4 Kg7 20. Nc3 Bc6 21. h4 Rh8
22. Nd5 Bb7 23. Bh3 Rc5 24. Bxc5 bxc5 25. Qf3 Bxh4 26. Bg2 Bg5 27. Rxh8 Kxh8
28. Qxf7 Qg8 29. Qc7 Bd8 30. Qd7 Bc6 31. Qxd6 Qe8 32. Nf6 Bxf6 33. Qxf6+ Kh7
34. Ke2 Qh8 35. Rh1+ Kg8 36. Qxh8+ Kf7 37. Rh7+ Ke6 38. Qg8+ Kf6 39. Rg7 1-0

[Event "Open Sud 2013/2014"]
[Site "Marseille"]
[Date "2014.05.04"]
[Round "6.1"]
[White "Amar Amghari, Mohamed"]
[Black "Mamah, Isabelle"]
[Result "0-1"]
[WhiteElo "1434"]
[BlackElo "1836"]
[PlyCount "86"]
[EventDate "2014.??.??"]

1. e4 c5 2. f4 g6 3. Nf3 Bg7 4. f5 d5 5. exd5 Qxd5 6. fxg6 hxg6 7. Be2 Nf6 8.
Nc3 Qd6 9. Nb5 Qd8 10. d4 a6 11. Nc3 cxd4 12. Qxd4 Qxd4 13. Nxd4 Nbd7 14. Be3
Ne5 15. O-O-O Bg4 16. h3 Bxe2 17. Ncxe2 Nc4 18. Rd3 Nxe3 19. Rxe3 Bh6 20. Kd2
Nd5 21. Kd3 Nxe3 22. g4 Rd8 23. Kc3 Nd5+ 24. Kb3 e5 25. Nf3 Bg7 26. h4 Ke7 27.
h5 Ne3 28. Rh4 e4 29. Nfg1 Bf6 30. g5 Bxg5 31. Rxe4+ Kf6 32. Nf3 Nf5 33. Nxg5
Kxg5 34. hxg6 fxg6 35. Nc3 Rh3 36. a3 Nd4+ 37. Kc4 Nxc2 38. Nd5 Rc8+ 39. Nc7
Rxc7+ 40. Kd5 Rd3+ 41. Ke6 Nd4+ 42. Kd6 Nb5+ 43. Ke6 Rd6+ 0-1

[Event "Open Sud 2013/2014"]
[Site "Marseille"]
[Date "2014.05.04"]
[Round "6.2"]
[White "Salvi, Michel"]
[Black "Loistron, Patrick"]
[Result "1-0"]
[WhiteElo "1639"]
[BlackElo "1475"]
[PlyCount "71"]
[EventDate "2014.??.??"]

1. e4 d6 2. d4 Nf6 3. Nc3 Nc6 4. d5 Ne5 5. f4 Ng6 6. Be3 e6 7. Bb5+ Bd7 8. dxe6
fxe6 9. Qe2 Be7 10. O-O-O O-O 11. Bxd7 Qxd7 12. g4 Qc6 13. Bd2 Nd7 14. f5 exf5
15. gxf5 Nge5 16. Nf3 Nc4 17. Nd4 Qa6 18. Ne6 Nxd2 19. Qxd2 Rfc8 20. Rhg1 Bf6
21. Nxg7 Bxc3 22. Qxc3 Ne5 23. Qg3 Kf7 24. Kb1 Rg8 25. Qg5 Qe2 26. Qh6 Qxd1+
27. Rxd1 Rxg7 28. f6 Rg6 29. Qxh7+ Kxf6 30. b3 Rag8 31. Qxc7 Nf7 32. Rf1+ Ke5
33. Qxf7 Kxe4 34. Qf5+ Ke3 35. Qf4+ Ke2 36. Qf2# 1-0

[Event "Open Sud 2013/2014"]
[Site "Marseille"]
[Date "2014.05.04"]
[Round "6.3"]
[White "Baroyan, Davit"]
[Black "Ganier, Philippe"]
[Result "1-0"]
[WhiteElo "1660"]
[BlackElo "1583"]
[PlyCount "89"]
[EventDate "2014.??.??"]

1. d4 e6 2. c4 d5 3. Nc3 Nf6 4. Bg5 Be7 5. e3 O-O 6. Nf3 h6 7. Bh4 Nbd7 8. Be2
c5 9. cxd5 exd5 10. dxc5 Bxc5 11. Nxd5 Qa5+ 12. Nc3 Ne4 13. Qc2 Bb4 14. Rc1
Ndc5 15. O-O Bxc3 16. bxc3 Bf5 17. Qb2 Rac8 18. a3 b6 19. Qb4 Qa4 20. Bb5 Qb3
21. Nd4 Qxb4 22. cxb4 Bg6 23. bxc5 bxc5 24. Nc6 Kh7 25. Ne7 Rb8 26. a4 Nd6 27.
Bg3 Rb6 28. Nd5 Nxb5 29. Nxb6 axb6 30. axb5 Bd3 31. Rfd1 c4 32. Rc3 Ra8 33. Bc7
Ra5 34. Bxb6 Rxb5 35. Bd4 g5 36. h3 Be2 37. Rd2 Rb1+ 38. Kh2 Bf1 39. Rdc2 Rb7
40. Rxc4 Bxc4 41. Rxc4 Kg6 42. Rc6+ Kh7 43. Kg3 Rb5 44. Rf6 Rb7 45. Kg4 1-0

[Event "Open Sud 2013/2014"]
[Site "Marseille"]
[Date "2014.05.04"]
[Round "6.4"]
[White "Vella, Michel"]
[Black "Potratz, Yannick"]
[Result "1/2-1/2"]
[WhiteElo "1580"]
[BlackElo "1444"]
[PlyCount "53"]
[EventDate "2014.??.??"]

1. Nf3 Nf6 2. e3 d5 3. c4 c6 4. cxd5 cxd5 5. Qa4+ Bd7 6. Bb5 Bxb5 7. Qxb5+ Qd7
8. Nc3 e6 9. Ne5 Qxb5 10. Nxb5 Na6 11. O-O Bc5 12. d4 Bb6 13. Bd2 O-O 14. f3
Rfd8 15. Rac1 Nd7 16. a4 Nxe5 17. dxe5 Rd7 18. Rc2 Nc7 19. Nd6 Ne8 20. Nxe8
Rxe8 21. a5 Bc7 22. Bc3 Red8 23. Rfc1 Bb8 24. Bd4 h6 25. Kf2 Kf8 26. h3 Ke8 27.
f4 1/2-1/2

[Event "Open Sud 2013/2014"]
[Site "Marseille"]
[Date "2014.05.04"]
[Round "6.5"]
[White "Druel, Patrice"]
[Black "Person, Claude"]
[Result "0-1"]
[WhiteElo "1320"]
[BlackElo "1288"]
[PlyCount "94"]
[EventDate "2014.??.??"]

1. d4 c6 2. e4 d5 3. Nc3 e6 4. e5 Be7 5. Nf3 h6 6. g3 Bb4 7. Bd2 Ne7 8. a3 Ba5
9. b4 Bb6 10. Be3 Nf5 11. Bf4 g5 12. Bc1 g4 13. Nd2 Bxd4 14. Ndb1 Bxe5 15. Qxg4
h5 16. Qe2 Nd7 17. h4 Nd4 18. Qd3 Qb6 19. Be3 Qa6 20. Qd2 Nf3+ 21. Kd1 Nxd2 22.
Bxa6 bxa6 23. Nxd2 Bxc3 24. Rb1 Bxd2 25. Kxd2 Ne5 26. Ke2 Nc4 27. Bd4 e5 28.
Bc3 d4 29. Kd3 Nxa3 30. Rb3 Bf5+ 31. Kd2 Nxc2 32. Bb2 f6 33. f3 Rb8 34. Rh2
Nxb4 35. Re2 Kd7 36. Ba3 a5 37. Rb1 Be6 38. Rbe1 Bc4 39. Re4 Bd3 40. Rxe5 fxe5
41. Rxe5 Bb5 42. Bb2 Rhe8 43. Rxh5 d3 44. Bf6 Re2+ 45. Kc3 Rc2+ 46. Kb3 Bc4+
47. Ka3 Ra2# 0-1

[Event "Open Sud 2013/2014"]
[Site "Marseille"]
[Date "2014.05.04"]
[Round "6.6"]
[White "Graccione, Angele"]
[Black "Moni, Theo"]
[Result "1-0"]
[WhiteElo "1040"]
[BlackElo "1099"]
[PlyCount "41"]
[EventDate "2014.??.??"]

1. e4 e5 2. Nf3 Nc6 3. d4 Nxd4 4. Nc3 Nxf3+ 5. Qxf3 d6 6. Be3 Nf6 7. O-O-O Bg4
8. Qg3 h5 9. f3 h4 10. Qe1 Bh5 11. Be2 Be7 12. Qd2 Qd7 13. Kb1 O-O-O 14. Nd5
Nxd5 15. exd5 c6 16. Bxa7 b6 17. Bxb6 cxd5 18. Ba6+ Kb8 19. Bxd8 Qxd8 20. Qxd5
f6 21. Qb7# 1-0

[Event "Open Sud 2013/2014"]
[Site "Marseille"]
[Date "2014.05.11"]
[Round "7.1"]
[White "Mamah, Isabelle"]
[Black "Roux, Jean-Marie"]
[Result "1-0"]
[WhiteElo "1836"]
[BlackElo "1375"]
[PlyCount "65"]
[EventDate "2014.??.??"]

1. e4 e5 2. Nf3 Nc6 3. Bc4 Bc5 4. c3 Nf6 5. d4 exd4 6. cxd4 Be7 7. e5 Ng8 8.
O-O Bb4 9. a3 Ba5 10. b4 Bb6 11. Bg5 Nge7 12. d5 O-O 13. dxc6 bxc6 14. Nc3 d6
15. h3 Bf5 16. Rc1 Qd7 17. exd6 cxd6 18. Re1 Ng6 19. Nd4 Bxd4 20. Qxd4 Bxh3 21.
gxh3 Qxh3 22. Re3 Qd7 23. Rce1 d5 24. Bf1 a5 25. Ne4 Qg4+ 26. Rg3 Qd7 27. Bh3
Qc7 28. Nc5 axb4 29. axb4 Ra2 30. Bf5 Nh8 31. Be7 Ng6 32. Bxg6 Re8 33. Bxh7+
1-0

[Event "Open Sud 2013/2014"]
[Site "Marseille"]
[Date "2014.05.11"]
[Round "7.2"]
[White "Salvi, Michel"]
[Black "Baroyan, Davit"]
[Result "1/2-1/2"]
[WhiteElo "1639"]
[BlackElo "1660"]
[PlyCount "102"]
[EventDate "2014.??.??"]

1. e4 c5 2. Nf3 Nc6 3. d4 cxd4 4. Nxd4 g6 5. Nc3 Bg7 6. Be3 Nf6 7. Be2 O-O 8.
f3 d5 9. Nxc6 bxc6 10. e5 Nd7 11. f4 Rb8 12. b3 Qa5 13. Qd2 f6 14. b4 Qxb4 15.
Bxa7 Rb7 16. Rb1 Qa5 17. Rxb7 Bxb7 18. e6 Qxa7 19. exd7 Rd8 20. f5 gxf5 21. g4
d4 22. Nd1 Rxd7 23. Bc4+ Kh8 24. Be6 Rd6 25. gxf5 Qc5 26. Nf2 Qe5+ 27. Kd1 Qe3
28. h4 Qxd2+ 29. Kxd2 Rd8 30. Rh3 Bc8 31. h5 Bxe6 32. fxe6 Bh6+ 33. Kd3 Ra8 34.
Kxd4 Rxa2 35. Rc3 Ra6 36. Ne4 Bf4 37. Rc4 Be5+ 38. Kd3 Kg7 39. Nc5 Ra5 40. Nd7
Bd6 41. Rxc6 Rxh5 42. Rxd6 exd6 43. e7 Kf7 44. e8=Q+ Kxe8 45. Nxf6+ Kf7 46.
Nxh5 Kg6 47. Nf4+ Kf5 48. Ke3 Ke5 49. c4 h5 50. Nxh5 d5 51. c5 d4+ 1/2-1/2

[Event "Open Sud 2013/2014"]
[Site "Marseille"]
[Date "2014.05.11"]
[Round "7.3"]
[White "Loistron, Patrick"]
[Black "Amar Amghari, Mohamed"]
[Result "1-0"]
[WhiteElo "1475"]
[BlackElo "1434"]
[PlyCount "66"]
[EventDate "2014.??.??"]

1. e4 e5 2. f4 exf4 3. d4 Nf6 4. e5 Nd5 5. Nf3 Be7 6. h4 Nc6 7. Bc4 Ne3 8. Bxe3
fxe3 9. Nc3 O-O 10. Qe2 Bb4 11. Qxe3 d5 12. Bb3 Na5 13. O-O Nxb3 14. axb3 c6
15. Rf2 Be7 16. Qf4 Be6 17. Nd1 b6 18. Ne3 c5 19. c3 f6 20. Nf5 Qd7 21. Nxe7+
Qxe7 22. Re1 Qd7 23. Qg3 Qc7 24. h5 Qf7 25. Ng5 Qe7 26. exf6 Rxf6 27. Rxf6 Qxf6
28. Rxe6 Qf5 29. Re5 Qb1+ 30. Kh2 h6 31. Ne6 Qh7 32. Qf3 a5 33. Qxd5 Qc2 1-0

[Event "Open Sud 2013/2014"]
[Site "Marseille"]
[Date "2014.05.11"]
[Round "7.4"]
[White "Potratz, Yannick"]
[Black "Person, Claude"]
[Result "1-0"]
[WhiteElo "1444"]
[BlackElo "1288"]
[PlyCount "101"]
[EventDate "2014.??.??"]

1. e4 e5 2. Nf3 Nf6 3. d3 d6 4. c3 Be7 5. Be2 Bd7 6. O-O O-O 7. Qb3 b6 8. Be3
Ng4 9. Qd1 Nxe3 10. fxe3 Bg4 11. Nbd2 a6 12. Kh1 Nd7 13. Ng1 Bxe2 14. Nxe2 Bg5
15. Rf3 Nc5 16. d4 Nd7 17. Ng3 g6 18. Qe2 Bh6 19. Raf1 f6 20. Qf2 Bg7 21. Ne2
Rf7 22. Nc1 Qe7 23. Nd3 Raf8 24. Qe1 g5 25. Nc1 h6 26. Ne2 Bh8 27. Ng3 Rh7 28.
Nf5 Qf7 29. Rh3 Bg7 30. b3 Re8 31. d5 h5 32. Rhf3 g4 33. R3f2 Qg6 34. Re2 h4
35. Qb1 Qh5 36. Nxg7 g3 37. Nxh5 Rxh5 38. h3 Kg7 39. Ree1 Re7 40. Qd1 Kh6 41.
Qg4 Rg7 42. Qe6 Kg6 43. Qe8+ Kh6 44. Rf3 Rhg5 45. Ref1 Kh7 46. Rf5 R5g6 47.
Rh5+ Rh6 48. Rxh6+ Kxh6 49. Rf5 Rh7 50. Rh5+ Kg7 51. Qxd7+ 1-0

[Event "Open Sud 2013/2014"]
[Site "Marseille"]
[Date "2014.05.11"]
[Round "7.5"]
[White "Moni, Theo"]
[Black "Ganier, Philippe"]
[Result "0-1"]
[WhiteElo "1099"]
[BlackElo "1583"]
[PlyCount "62"]
[EventDate "2014.??.??"]

1. e4 Nc6 2. Bc4 e5 3. Nf3 Nf6 4. Ng5 d5 5. exd5 Nxd5 6. Qf3 Qxg5 7. Qxd5 Be6
8. Qb5 Bxc4 9. Qxc4 Qxg2 10. Rf1 Bd6 11. Nc3 O-O 12. Nb5 Nd4 13. Nxc7 Rac8 14.
Qd5 Nxc2+ 15. Ke2 Qxd5 16. Nxd5 Nxa1 17. Rg1 Nc2 18. Nf6+ Kh8 19. Ne4 Nd4+ 20.
Ke3 Be7 21. f4 f5 22. Ng3 Bc5 23. Rg2 exf4+ 24. Kxf4 Bd6+ 25. Ke3 f4+ 26. Kxd4
fxg3 27. hxg3 Rxc1 28. Kd5 Bc5 29. Rh2 Rd8+ 30. Ke6 Re1+ 31. Kf7 Re7# 0-1

[Event "Open Sud 2013/2014"]
[Site "Marseille"]
[Date "2014.05.11"]
[Round "7.6"]
[White "Graccione, Angele"]
[Black "Druel, Patrice"]
[Result "0-1"]
[WhiteElo "1040"]
[BlackElo "1320"]
[PlyCount "80"]
[EventDate "2014.??.??"]

1. e4 d6 2. Nf3 Nc6 3. Nc3 Bg4 4. Be2 Nf6 5. d4 d5 6. e5 Nd7 7. Nxd5 Be6 8. Nf4
Bf5 9. Be3 Nb4 10. Bd3 Nxd3+ 11. Nxd3 h6 12. Qd2 e6 13. O-O Nb6 14. Rfe1 Nc4
15. Qc1 Be4 16. Nd2 Bd5 17. Nxc4 Bxc4 18. Nc5 Qd5 19. Qd2 b6 20. Na4 Bb5 21.
Nc3 Qc6 22. Nxb5 Qxb5 23. b3 Bb4 24. c3 Be7 25. c4 Qd7 26. Rad1 a5 27. d5 Rd8
28. dxe6 Qxe6 29. Qc3 Bb4 30. Qb2 Bxe1 31. Rxe1 O-O 32. f4 Qg4 33. Qe2 Qf5 34.
g3 Rfe8 35. Bc1 h5 36. Bb2 Rd7 37. Kf2 Red8 38. Qe4 Rd2+ 39. Re2 Qxe4 40. Ke1
Qxe2# 0-1

[Event "Open Sud 2013/2014"]
[Site "Marseille"]
[Date "2014.05.11"]
[Round "8.1"]
[White "Vella, Michel"]
[Black "Mamah, Isabelle"]
[Result "1/2-1/2"]
[WhiteElo "1580"]
[BlackElo "1836"]
[PlyCount "86"]
[EventDate "2014.??.??"]

1. Nf3 Nf6 2. e3 g6 3. b3 Bg7 4. Bb2 O-O 5. d4 c5 6. Nbd2 cxd4 7. Bxd4 Nc6 8.
Bb2 d6 9. Be2 Bf5 10. a3 Rc8 11. O-O a6 12. Rc1 b5 13. c4 Qb6 14. b4 Nd7 15.
Bxg7 Kxg7 16. Nb3 bxc4 17. Bxc4 Nce5 18. Be2 Be4 19. Qd4 Qxd4 20. Nbxd4 Bd3 21.
Nxe5 Nxe5 22. Rfd1 Bxe2 23. Nxe2 Nc4 24. Rc3 Nb6 25. Rdc1 Rxc3 26. Rxc3 Rc8 27.
Kf1 Kf6 28. Ke1 Ke6 29. Nf4+ Kd7 30. Rxc8 Kxc8 31. Ke2 Kd7 32. Kd3 Kc6 33. Ne2
Nd7 34. Nd4+ Kb6 35. f3 h6 36. Kc3 Nf6 37. Kc4 e5 38. Ne2 d5+ 39. Kb3 Ne8 40.
a4 Nc7 41. Nc3 Kc6 42. Ne2 Kd6 43. Nc3 Kc6 1/2-1/2

[Event "Open Sud 2013/2014"]
[Site "Marseille"]
[Date "2014.05.11"]
[Round "8.2"]
[White "Potratz, Yannick"]
[Black "Loistron, Patrick"]
[Result "0-1"]
[WhiteElo "1444"]
[BlackElo "1475"]
[PlyCount "46"]
[EventDate "2014.??.??"]

1. e4 e5 2. Nf3 Nc6 3. d4 exd4 4. Nxd4 Be7 5. Nxc6 bxc6 6. Bd3 d6 7. Nc3 Bf6 8.
Bd2 Ne7 9. O-O O-O 10. Re1 Ng6 11. Rb1 Be6 12. a3 Be5 13. Qf3 Qc8 14. h3 Nh4
15. Qh5 Ng6 16. Qf3 Bf6 17. Qe2 Nh4 18. Qh5 Bxh3 19. gxh3 Qxh3 20. Qxh4 Qxh4
21. Re3 Bg5 22. Re2 Bxd2 23. Rxd2 Qg5+ 0-1

[Event "Open Sud 2013/2014"]
[Site "Marseille"]
[Date "2014.05.11"]
[Round "8.3"]
[White "Baroyan, Davit"]
[Black "Graccione, Angele"]
[Result "1-0"]
[WhiteElo "1660"]
[BlackElo "1040"]
[PlyCount "91"]
[EventDate "2014.??.??"]

1. d4 d5 2. c4 dxc4 3. e3 Nf6 4. Bxc4 e6 5. Nf3 Be7 6. Nc3 O-O 7. O-O Nc6 8. e4
a6 9. a3 Na5 10. Bd3 b6 11. e5 Nd7 12. Qc2 g6 13. b4 Nc6 14. Be4 Bb7 15. Ne2
Ndb8 16. Bh6 Re8 17. Rac1 a5 18. b5 Bxa3 19. bxc6 Nxc6 20. Bxc6 Bxc1 21. Bxb7
Bxh6 22. Bxa8 Qxa8 23. Qxc7 b5 24. Qc5 b4 25. Ra1 b3 26. Qxa5 Qe4 27. Qb5 Qc2
28. Qxe8+ Bf8 29. Qb5 b2 30. Rf1 Ba3 31. Ng5 Qf5 32. Qe8+ Kg7 33. Qxf7+ Qxf7
34. Nxf7 Kxf7 35. Rb1 h5 36. Nf4 g5 37. Nxh5 Kg6 38. Ng3 Kh6 39. Ne4 Kh5 40.
Nc5 g4 41. Nxe6 Kh4 42. Nf4 Kg5 43. Nd3 Kf5 44. Nxb2 Ke4 45. Nc4 Kxd4 46. Nxa3
1-0

[Event "Open Sud 2013/2014"]
[Site "Marseille"]
[Date "2014.05.11"]
[Round "8.4"]
[White "Ganier, Philippe"]
[Black "Salvi, Michel"]
[Result "0-1"]
[WhiteElo "1583"]
[BlackElo "1639"]
[PlyCount "70"]
[EventDate "2014.??.??"]

1. Nf3 c5 2. c4 Nc6 3. g3 Nf6 4. Bg2 e6 5. Nc3 a6 6. d3 Be7 7. O-O O-O 8. Bf4
Nh5 9. Bd2 Rb8 10. a3 d5 11. cxd5 exd5 12. Rc1 Re8 13. Qc2 Bf8 14. Rfe1 Bg4 15.
e3 Nf6 16. h3 Bxf3 17. Bxf3 Ne5 18. Bg2 c4 19. dxc4 dxc4 20. Rcd1 Nd3 21. Rf1
b5 22. Bc1 Qc8 23. Kh2 Qc5 24. Ne2 Nd7 25. Nd4 N7e5 26. f4 Nxc1 27. fxe5 Nd3
28. e6 fxe6 29. Rxf8+ Qxf8 30. Rf1 Qd6 31. Be4 e5 32. Nf3 Rf8 33. Kg2 Rbd8 34.
Qc3 Qc5 35. Bb7 Qxe3 0-1

[Event "Open Sud 2013/2014"]
[Site "Marseille"]
[Date "2014.05.11"]
[Round "8.5"]
[White "Druel, Patrice"]
[Black "Roux, Jean-Marie"]
[Result "0-1"]
[WhiteElo "1320"]
[BlackElo "1375"]
[PlyCount "100"]
[EventDate "2014.??.??"]

1. d4 d5 2. Nf3 Nf6 3. e3 e6 4. Ne5 Be7 5. Nc3 O-O 6. Be2 Bd6 7. O-O Bxe5 8.
dxe5 Nfd7 9. f4 Nc6 10. Bd3 Nb6 11. b3 Bd7 12. Qh5 g6 13. Qh6 d4 14. Ne2 dxe3
15. Bxe3 Nd5 16. Bc5 Re8 17. Rf3 f5 18. Rg3 Re7 19. Bxe7 Qxe7 20. Rf1 Nd8 21.
Qh3 Bc6 22. Rg5 Nxf4 23. Nxf4 Qxg5 24. g3 Bd7 25. Rf2 Nc6 26. Re2 Nd4 27. Rf2
Re8 28. Be2 Nxc2 29. Rg2 c5 30. Qh4 Qxh4 31. gxh4 Kf7 32. Nxg6 hxg6 33. h5 Rg8
34. hxg6+ Kg7 35. h4 Ne3 36. Rg3 Ng4 37. h5 Rh8 38. Rh3 Nxe5 39. Rg3 Ng4 40.
Rh3 e5 41. Kg2 f4 42. Rh4 Bc6+ 43. Bf3 Bxf3+ 44. Kxf3 Nf6 45. Rh1 Rxh5 46. Rg1
Rh6 47. Rg5 Nd7 48. Kg4 Rxg6 49. Kf5 Rxg5+ 50. Kxg5 f3 0-1

[Event "Open Sud 2013/2014"]
[Site "Marseille"]
[Date "2014.05.11"]
[Round "8.6"]
[White "Person, Claude"]
[Black "Moni, Theo"]
[Result "1-0"]
[WhiteElo "1288"]
[BlackElo "1099"]
[PlyCount "100"]
[EventDate "2014.??.??"]

1. e4 e5 2. Nf3 Nc6 3. d4 exd4 4. Nxd4 Nxd4 5. Qxd4 Qe7 6. Bd3 Qb4+ 7. Qxb4
Bxb4+ 8. c3 Bc5 9. b4 Be7 10. Bf4 Bd6 11. e5 Be7 12. h3 d6 13. exd6 Bxd6 14.
Bxd6 cxd6 15. O-O Nf6 16. Re1+ Be6 17. Bb5+ Kf8 18. c4 Bf5 19. Nc3 g6 20. Nd5
Nxd5 21. cxd5 a6 22. Ba4 b5 23. Bb3 Re8 24. Rec1 Kg7 25. Rc6 Rd8 26. Rxa6 Kf6
27. Rb6 Bd3 28. Rd1 Bc4 29. Rb1 Bxb3 30. Rxb3 Rb8 31. Rxd6+ Ke5 32. Rd7 Rbd8
33. f4+ Kxf4 34. Rxf7+ Ke5 35. Re7+ Kd6 36. Rb7 Rb8 37. Rxb8 Rxb8 38. Rd3 Ra8
39. a3 h5 40. h4 Rd8 41. Kf2 Ke5 42. Re3+ Kf4 43. g3+ Kg4 44. Re5 Ra8 45. d6
Rd8 46. Rg5+ Kh3 47. Rxg6 Rf8+ 48. Ke3 Re8+ 49. Kd4 Kg2 50. Kd5 Re3 1-0

[Event "Open Sud 2013/2014"]
[Site "Marseille"]
[Date "2014.05.11"]
[Round "9.1"]
[White "Mamah, Isabelle"]
[Black "Graccione, Angele"]
[Result "1-0"]
[WhiteElo "1836"]
[BlackElo "1040"]
[PlyCount "21"]
[EventDate "2014.??.??"]

1. e4 c5 2. Nf3 Nc6 3. c3 b6 4. d4 Nf6 5. d5 Na5 6. e5 Ng4 7. h3 Nh6 8. Bb5 e6
9. d6 g6 10. Bg5 Be7 11. Bxe7 1-0

[Event "Open Sud 2013/2014"]
[Site "Marseille"]
[Date "2014.05.11"]
[Round "9.2"]
[White "Loistron, Patrick"]
[Black "Vella, Michel"]
[Result "1-0"]
[WhiteElo "1475"]
[BlackElo "1580"]
[PlyCount "73"]
[EventDate "2014.??.??"]

1. e4 d6 2. f4 Nf6 3. Nc3 Nc6 4. Nf3 g6 5. Bc4 Bg7 6. Ng5 O-O 7. O-O h6 8. Nf3
Bg4 9. Be2 a6 10. Qe1 b5 11. a3 Bxf3 12. Bxf3 Nd4 13. Qh4 Rc8 14. Bd1 c5 15. d3
Qb6 16. e5 Nf5 17. Qh3 Ne8 18. Bg4 c4+ 19. Kh1 e6 20. Bxf5 exf5 21. Be3 Qb7 22.
d4 Kh7 23. Rad1 d5 24. g4 fxg4 25. Qxg4 f5 26. Qg2 Rg8 27. Qxd5 Qe7 28. Rg1 b4
29. axb4 Qxb4 30. Qe6 Qb7+ 31. d5 Bf8 32. Rg2 Rd8 33. Rdg1 Nc7 34. Qb6 Qc8 35.
Rxg6 Nxd5 36. Nxd5 Qa8 37. Qc7+ 1-0

[Event "Open Sud 2013/2014"]
[Site "Marseille"]
[Date "2014.05.11"]
[Round "9.3"]
[White "Salvi, Michel"]
[Black "Potratz, Yannick"]
[Result "1-0"]
[WhiteElo "1639"]
[BlackElo "1444"]
[PlyCount "59"]
[EventDate "2014.??.??"]

1. e4 e5 2. Nf3 Nc6 3. Bb5 a6 4. Ba4 Nf6 5. O-O Nxe4 6. Re1 Nf6 7. Nxe5 Nxe5 8.
Rxe5+ Be7 9. Qe2 b5 10. Bb3 d6 11. Re3 c5 12. c4 b4 13. d3 Be6 14. Ba4+ Nd7 15.
Rxe6 fxe6 16. Qxe6 h6 17. Bf4 a5 18. Bxd6 Ra6 19. Qg6+ Kf8 20. Qf5+ Ke8 21.
Bxc5 Bxc5 22. Qxc5 Re6 23. Nd2 Rf8 24. Ne4 Kf7 25. Qd5 Ke7 26. d4 Nb6 27. Qb7+
Nd7 28. d5 Rxe4 29. d6+ Kxd6 30. Qxe4 1-0

[Event "Open Sud 2013/2014"]
[Site "Marseille"]
[Date "2014.05.11"]
[Round "9.4"]
[White "Person, Claude"]
[Black "Amar Amghari, Mohamed"]
[Result "0-1"]
[WhiteElo "1288"]
[BlackElo "1434"]
[PlyCount "94"]
[EventDate "2014.??.??"]

1. e4 e5 2. Nf3 d6 3. Nc3 Nf6 4. d4 exd4 5. Qxd4 Be7 6. Nd5 O-O 7. Nxf6+ Bxf6
8. Qd1 Nc6 9. c3 Re8 10. Qc2 Bg4 11. Be2 Qd7 12. O-O Ne5 13. Nxe5 Bxe5 14. Bxg4
Qxg4 15. f4 Bf6 16. h3 Qe6 17. Re1 Qc4 18. b3 Qc6 19. Bd2 Qc5+ 20. Kf1 Qb5+ 21.
c4 Qc6 22. Rad1 Re7 23. Re2 Rae8 24. e5 dxe5 25. fxe5 Rxe5 26. Rxe5 Bxe5 27.
Re1 Qf6+ 28. Kg1 Bd4+ 29. Kh1 Rxe1+ 30. Bxe1 Qf1+ 31. Kh2 Qxe1 32. Qf5 Qe5+ 33.
Qxe5 Bxe5+ 34. Kg1 Kf8 35. Kf2 Ke7 36. Ke3 g5 37. g4 Ke6 38. b4 Bc3 39. b5 b6
40. Kd3 Be5 41. Ke4 Bb2 42. Kd3 Ke5 43. Ke3 Ba3 44. Kd3 Bc5 45. a4 Kf4 46. Ke2
Kg3 47. Kd3 Kxh3 0-1

[Event "Open Sud 2013/2014"]
[Site "Marseille"]
[Date "2014.05.11"]
[Round "9.5"]
[White "Ganier, Philippe"]
[Black "Druel, Patrice"]
[Result "1-0"]
[WhiteElo "1583"]
[BlackElo "1320"]
[PlyCount "71"]
[EventDate "2014.??.??"]

1. Nf3 d5 2. e4 Nf6 3. e5 Ne4 4. d3 Nc5 5. Be2 e6 6. O-O Be7 7. Be3 O-O 8. c3
Nc6 9. b4 Nd7 10. d4 a6 11. Nbd2 b5 12. a4 Bb7 13. axb5 axb5 14. Rxa8 Bxa8 15.
Bxb5 Qb8 16. Bd3 f6 17. Qc2 f5 18. Bg5 Qd8 19. Bxe7 Nxe7 20. Ng5 Qe8 21. Nxe6
Rf7 22. Nxc7 Qc8 23. Nxa8 Qxa8 24. e6 Rf8 25. exd7 Qd8 26. Bb5 Qb8 27. Ba4 Ng6
28. Nf3 h6 29. Re1 Kh7 30. Re8 Qf4 31. Rxf8 Nxf8 32. d8=Q Kg8 33. Qxd5+ Kh7 34.
Qdxf5+ Qxf5 35. Qxf5+ Kg8 36. Bb3+ 1-0

[Event "Open Sud 2013/2014"]
[Site "Marseille"]
[Date "2014.05.11"]
[Round "9.6"]
[White "Roux, Jean-Marie"]
[Black "Moni, Theo"]
[Result "1-0"]
[WhiteElo "1375"]
[BlackElo "1099"]
[PlyCount "93"]
[EventDate "2014.??.??"]

1. e4 e5 2. Nc3 Bc5 3. Nf3 Nf6 4. Bc4 Ng4 5. O-O O-O 6. d3 Bd4 7. Bg5 Bxf2+ 8.
Rxf2 Nxf2 9. Kxf2 Qe8 10. Qd2 h6 11. Be3 g5 12. Rh1 Nc6 13. Nd5 Qd8 14. Ke1 d6
15. Kd1 Be6 16. Kc1 Bxd5 17. Bxd5 Nd4 18. Nxd4 exd4 19. Bxd4 c6 20. Bb3 c5 21.
Be3 b5 22. h4 gxh4 23. Bxh6 Re8 24. Kb1 c4 25. dxc4 bxc4 26. Bxc4 Rc8 27. Bd5
Kh7 28. Bg5 f6 29. Rxh4+ Kg6 30. Be3 f5 31. Bd4 Qxh4 32. b3 fxe4 33. Kb2 e3 34.
Bxe3 Qh8+ 35. Bd4 Re2 36. Qd3+ Kg5 37. Bxh8 Ree8 38. Bc3 Re7 39. Qg3+ Kf5 40.
Qh3+ Kg6 41. Qxc8 Rh7 42. Be4+ Kh6 43. Bxh7 Kxh7 44. Qf8 Kg6 45. Qf6+ Kh5 46.
Bd2 Kg4 47. Qg5# 1-0